000 00767nas a2200229 4500
001 BR8205684
003 BR-BrBNA
005 20231205085259.0
007 ta
008 230509b bl.|||p| |||| 00| 00por d
040 _aBR-BrBNA
_bpor
_cBiblioteca Nacional de Agricultura
041 _a(Pt)
072 _aU10
100 1 _aIemma, A.F.
100 1 _aCampos, H.
245 1 _aEnsaios em parcelas subdivididas delineados em blocos incompletos balanceados. 1 - Equacoes normais
_bParte de tese
650 _aMODELO MATEMATICO
650 _aESTATISTICA AGRICOLA
773 0 _tAnais da Escola Superior de Agricultura Luiz de Queiroz (Brazil)
_xISSN 0071-1276
_g(1982), v. 39(1) p. 1-9
_wBR8205684
909 _a202311
_bLúcia
_c55
_dLúcia Elande
942 _2AGRIS
_n0
_cANA
999 _c110446
_d110446